Normal view
MARC view
Entry Topical Term
001 - CONTROL NUMBER
- control field: 8147
003 - CONTROL NUMBER IDENTIFIER
- control field: BD-RjUL
005 - DATE AND TIME OF LATEST TRANSACTION
- control field: 20230727150235.0
008 - FIXED-LENGTH DATA ELEMENTS
- fixed length control field: 230727|| aca||aabn | a|a d
040 ## - CATALOGING SOURCE
- Original cataloging agency: BD-RjUL
- Transcribing agency: BD-RjUL
150 ## - HEADING--TOPICAL TERM
- Topical term or geographic name entry element: Ethnographic history
- Form subdivision: 1956-2015
- Geographic subdivision: Bangladesh
670 ## - SOURCE DATA FOUND
- Source citation: Work cat.: (BD-RjUL)81610: হায়দার, কাজী মামুন 8143, বাংলাদেশের চলচ্চিএের নৃতাত্ত্বিক ইতিহাস, ১৯৫৬-২০১৫ /, ২০২০